Stopping family violence : research priorities for the coming decade /

Bibliographic Details
Main Author: Finkelhor, David
Corporate Author: Conrad N. Hilton Foundation
Other Authors: Hotaling, Gerald T., Yllö, Kersti
Format: Book
Language:English
Published: Newbury Park, Calif. : Sage Publications, [1988]
Subjects:

MARC

Tag First Indicator Second Indicator Subfields
LEADER 00000cam a2200000 a 4500
001 in00000035223
005 20151007055331.0
008 870921s1988 cau b 00010 eng
010 |a  87027972  
020 |a 0803932154 :  |c $19.95 
035 |a (OCoLC)16901064 
035 |9 AAB7929AM 
040 |a DLC  |c DLC  |d TXA  |d UtOrBLW 
043 |a n-us--- 
049 |a TXAM  |c [A11507525] 
050 0 0 |a HQ809.3.U5  |b F56 1988 
100 1 |a Finkelhor, David. 
245 1 0 |a Stopping family violence :  |b research priorities for the coming decade /  |c David Finkelhor with Gerald T. Hotaling & Kersti Yllö. 
264 1 |a Newbury Park, Calif. :  |b Sage Publications,  |c [1988] 
264 4 |c ©1988 
300 |a 127 pages ;  |c 23 cm. 
336 |a text  |b txt  |2 rdacontent 
337 |a unmediated  |b n  |2 rdamedia 
338 |a volume  |b nc  |2 rdacarrier 
500 |a "This report was sponsored by the Conrad N. Hilton Foundation of Los Angeles, California"--P. [2]. 
504 |a Bibliography: pages 123-126. 
650 0 |a Family violence  |x Research  |z United States. 
650 0 |a Child abuse  |x Research  |z United States. 
650 0 |a Wife abuse  |x Research  |z United States. 
700 1 |a Hotaling, Gerald T. 
700 1 |a Yllö, Kersti. 
710 2 |a Conrad N. Hilton Foundation. 
999 |a MARS 
999 f f |s d10489a8-e565-361a-a754-91fc2ebb69b4  |i b46718d1-e8bc-3ddd-9d05-e6d64281ea5c  |t 0 
952 f f |p ric  |a Texas A&M University  |b Rellis Campus  |c Joint Library Facility  |d Remote Storage  |t 0  |e HQ809.3.U5 F56 1988  |h Library of Congress classification  |i unmediated -- volume  |m A14811507525 
998 f f |a HQ809.3.U5 F56 1988  |t 0  |l Remote Storage